000 00315nam a2200133Ia 4500
008 191201s1995 xx 000 0 und d
082 _a530
_bGUS
100 _aGUPTA,H.C
245 0 _aSolid State Physics
260 _aN. Delhi
_bVikas Publication House
_c1995
300 _a404
650 _aApplied
942 _2ddc
_cBK
999 _c624
_d624